000 00617nam a22002297a 4500
003 UA-OsUOA
001 96306
007 ta
008 20130318b un ||||| |||| 00| 0 ukr d
100 _aМайков В.
090 _a82.1.161.1
_bМ14
942 _cBK
040 _aUA-OsUOA
_brus
_cUA-OsUOA
_dUA-OsUOA
245 _aИзбранные произведения
300 _a502 с.
955 _a1
041 _arus
080 _a82.1.161.1
260 _aМ.
_bСоветский писатель
_c1966
650 7 _a82 Література. Літературознавство
_2UDC
999 _c382570
_d382570